Statiscal yearbook - Annuaire statistique (Record no. 10790)
[ view plain ]
| 000 -LEADER | |
|---|---|
| fixed length control field | 00568 a2200229 4500 |
| 035 ## - SYSTEM CONTROL NUMBER | |
| System control number | 8582 |
| 100 ## - VEDETTE PRINCIPALE - NOM DE PERSONNE | |
| Personal name | UNESCO |
| 130 ## - VEDETTE PRINCIPALE - TITRE UNIFORME | |
| Language of a work | Fr. |
| 260 ## - PUBLICATION, DISTRIBUTION, ETC. (IMPRINT) | |
| Place of publication, distribution, etc | Paris |
| 260 ## - PUBLICATION, DISTRIBUTION, ETC. (IMPRINT) | |
| Name of publisher, distributor, etc | Unesco |
| 245 ## - TITLE STATEMENT | |
| Title | Statiscal yearbook - Annuaire statistique |
| 260 ## - PUBLICATION, DISTRIBUTION, ETC. (IMPRINT) | |
| Date of publication, distribution, etc | 1963 |
| 300 ## - PHYSICAL DESCRIPTION | |
| Extent | v. |
| 300 ## - PHYSICAL DESCRIPTION | |
| Other physical details | 27 cm |
| 500 ## - GENERAL NOTE | |
| General note | Texte anglais et français en regard |
| 650 ## - SUBJECT ADDED ENTRY--TOPICAL TERM | |
| Topical term or geographic name as entry element | <Culture intellectuelle-Statistique><Education-Statistique> |
| Withdrawn status | Lost status | Damaged status | Not for loan | Location (home branch) | Sublocation or collection (holding branch) | Date acquired | Source of acquisition | Koha issues (times borrowed) | Koha full call number | Piece designation (barcode) | Koha date last seen | Price effective from | Koha item type |
|---|---|---|---|---|---|---|---|---|---|---|---|---|---|
| Bibliothèque Ecole Polytechnique d'Abomey-Calavi | Bibliothèque Ecole Polytechnique d'Abomey-Calavi | 27/02/2009 | EPAC | Réf./001-20212/U56 | 20440EPAC | 27/02/2009 | 27/02/2009 | Livre |